Wszystkie kluby ekstraklasy sezonu 2022/23 - Statystyki

Ogólne statystyki
  • Ten quiz został rozwiązany 798 razy
  • Średni wynik to 14 z 18
Statystyki odpowiedzi
--- ZESPÓŁ % Poprawnych
5. Lech Poznań
97%
7. Legia Warszawa
97%
12. Raków Częstochowa
87%
3. Jagiellonia Białystok
84%
14. Śląsk Wrocław
84%
6. Lechia Gdańsk
83%
10. Pogoń Szczecin
83%
17. Wisła Płock
81%
2. Górnik Zabrze
78%
16. Widzew Łódź
78%
1. Cracovia
77%
18. Zagłębie Lubin
75%
4. Korona Kielce
71%
15. Warta Poznań
66%
11. Radomiak Radom
64%
13. Stal Mielec
64%
9. Piast Gliwice
60%
8. Miedź Legnica
58%
Nie znaleziono quizów pasujących do podanych kryteriów
Rozkład punktacji
Procent ludzi z każdym wynikiem
Percentyl według liczby udzielonych odpowiedzi
Twoja historia wyników
Nie rozwiązałeś tego quizu